Wiedza ogólna - geografia #8 - Statystyki

Ogólne statystyki
  • Ten quiz został rozwiązany 48 razy
  • Średni wynik to 3 z 5
Statystyki odpowiedzi
Opis Odpowiedź % Poprawnych
Stolica Australii Canberra
92%
Największe państwo, które wchodzi w skład Wielkiej Brytanii Anglia
90%
Półwysep, na którym znajduje się miasto Porto Iberyjski
77%
Potężne wiatry majace miejsce np. w Indiach, w porze deszczowej Monsun
62%
Rodzaj gór, które powstały w wyniku działalności wulkanicznej Wulkaniczne
23%
Nie znaleziono quizów pasujących do podanych kryteriów
Rozkład punktacji
Procent ludzi z każdym wynikiem
Percentyl według liczby udzielonych odpowiedzi
Twoja historia wyników
Nie rozwiązałeś tego quizu